Представление документа в формате RUSMARC

ПолеНазваниеЗначение
  Тип записи a
  Библиографический уровень a
001 Контрольный номер RU/CBS_Ul/BASE/480188130
005 Дата корректировки 20250124031513.2
100 Данные общей обработки __
a Данные общей обработки 20150320d2015 ||| 0rusy0189 ca
101 Язык документа 0_
a Язык текста rus
102 Страна публикации __
a Страна публикации RU
105 Кодированные данные (монография) __
a Кодированные данные (монография) y###||||000|y
200 Заглавие и сведения об ответственности 1_
a Заглавие Полёт в космос
b Общее обозначение материала Текст
e Сведения, относящиеся к заглавию [игровая программа ко Дню космонавтики]
f Первые сведения об ответственности Г.Г. Фоминых
300 Общие примечания __
a Общие примечания Ограничения по возрасту - 6+
461 Уровень набора _0
1 2000
a ШКольные игры и конкурсы
463 Уровень физической единицы _0
1 001RU/CBS_Ul/BASE/480183100
1 2000
a № 3
v С. 13-15
1 210
d 2015
606 Тематические рубрики 0_
a Основная рубрика Космонавтика - Сценарии
610 Ключевые слова 0_
a Ключевые слова планеты Солнечной системы
a Ключевые слова первый космический полёт
a Ключевые слова космическое путешествие по планетам Солнечной системы
686 Индексы других классификаций __
a Классификационный индекс 74.200.50
2 Код системы ББК
700 Автор _1
a Фамилия Фоминых
b Имя (инициалы) Г.Г.
801 Источник записи _0
a Страна RU
b Организация МБУК ЦБС г. Ульяновска
c Дата составления 20150320
g Правила каталогизации RCR
801 Источник записи _1
a Страна RU
b Организация МБУК ЦБС г. Ульяновска
c Дата составления 20150320
g Правила каталогизации RCR
901 Тип документа __
t Тип документа f
w Контрольный № источника RU/CBS_Ul/BASE/480183100
910 Корректоры записи __
a Корректор записи Библиотека 31
938 Служебная информация __
a Имя БД period